[Event "chess.com SpeedChess Q1Sw"]
[Site "chess.com INT"]
[Date "2022.11.10"]
[Round "11"]
[White "Fedoseev, Vladimir3"]
[Black "Durarbayli, Vasif"]
[Result "0-1"]
[WhiteTitle "GM"]
[BlackTitle "GM"]
[WhiteElo "2688"]
[BlackElo "2612"]
[WhiteFideId "24130737"]
[BlackFideId "13402935"]
[EventDate "2022.11.10"]

1. e4 c5 2. Nf3 d6 3. d4 cxd4 4. Nxd4 Nf6 5. Nc3 a6 6. Rg1 e5 7. Nb3 Be6 8. Bg5
Nbd7 9. Be2 Rc8 10. Nd5 Bxd5 11. exd5 Be7 12. Be3 Nb6 13. Bxb6 Qxb6 14. Qd3 O-O
15. c3 Bd8 16. g4 Nd7 17. g5 Nc5 18. Qh3 Rb8 19. Bd1 a5 20. Bc2 g6 21. O-O-O a4
22. Nd2 Qc7 23. a3 b5 24. Rg4 Qb7 25. Nf3 Kg7 26. Qh6+ Kg8 27. h4 e4 28. Bxe4 b4
29. cxb4 Qc8 30. bxc5 Qxg4 31. Re1 Ba5 32. Re2 Rfe8 33. h5 Rxe4 34. hxg6 hxg6
35. Rxe4 Qxe4 36. Qh3 Qc4+ 37. Kd1 Qd3+ 38. Kc1 Bd2+ 39. Kd1 Bc3+ 0-1

[Event "chess.com SpeedChess Q1Sw"]
[Site "chess.com INT"]
[Date "2022.11.10"]
[Round "11"]
[White "Bok, Benjamin"]
[Black "Samadov, Read"]
[Result "1-0"]
[WhiteTitle "GM"]
[BlackTitle "FM"]
[WhiteElo "2618"]
[BlackElo "2450"]
[WhiteFideId "1017063"]
[BlackFideId "13417444"]
[EventDate "2022.11.10"]

1. d4 d5 2. c4 c6 3. Nf3 Nf6 4. cxd5 cxd5 5. Nc3 Nc6 6. Bf4 Bf5 7. e3 e6 8. Qb3
Bb4 9. Ne5 Bxc3+ 10. bxc3 Nxe5 11. Bxe5 O-O 12. Rc1 Rc8 13. Be2 Ne4 14. f3 Nd6
15. O-O Nc4 16. Bxc4 Rxc4 17. e4 Bg6 18. Qxb7 dxe4 19. fxe4 Qa5 20. Bd6 Rd8 21.
Bb4 Qh5 22. h3 a5 23. Bc5 Qe2 24. Rce1 Qxa2 25. Rf3 Qd2 26. Ref1 f5 27. Qa6 Qe2
28. Qxe6+ Kh8 29. exf5 Qxe6 30. fxe6 h6 31. e7 Re8 32. Rf8+ Kh7 33. Rxe8 Bxe8
34. Rf8 1-0

[Event "chess.com SpeedChess Q1Sw"]
[Site "chess.com INT"]
[Date "2022.11.10"]
[Round "11"]
[White "Ter-Sahakyan, Samvel"]
[Black "Rohith, Krishna S"]
[Result "0-1"]
[WhiteTitle "GM"]
[BlackTitle "FM"]
[WhiteElo "2605"]
[BlackElo "2380"]
[WhiteFideId "13302531"]
[BlackFideId "46617051"]
[EventDate "2022.11.10"]

1. d4 Nf6 2. c4 e6 3. Nf3 b6 4. a3 Bb7 5. Bf4 Bd6 6. Bg3 O-O 7. Nc3 h6 8. Qc2
Bxg3 9. hxg3 d5 10. cxd5 exd5 11. e3 c5 12. Qf5 Nc6 13. Rd1 c4 14. Be2 Re8 15.
Ne5 Qc8 16. Qxc8 Raxc8 17. f4 Na5 18. g4 Ne4 19. Nxe4 dxe4 20. g5 hxg5 21. fxg5
c3 22. g6 fxg6 23. bxc3 Rxc3 24. Rh3 g5 25. Bh5 Re7 26. Bg6 Bc8 27. Bh7+ Kf8 28.
Bf5 Rec7 29. g4 Bxf5 30. gxf5 Nc4 31. Ng6+ Kf7 32. Ne5+ Kf6 33. Nxc4 R7xc4 34.
d5 Rxa3 35. d6 Rc8 36. Rd4 Rd3 37. Rxd3 exd3 38. e4 Ke5 39. Rxd3 Kxe4 40. Ra3
Rd8 41. Rxa7 Rxd6 42. Rxg7 Kxf5 43. Ke2 Kg4 44. Rc7 Rf6 45. Rc4+ Kh3 46. Rc3+
Kh4 47. Rc8 g4 48. Rh8+ Kg3 0-1

[Event "chess.com SpeedChess Q1Sw"]
[Site "chess.com INT"]
[Date "2022.11.10"]
[Round "11"]
[White "Balaji, Aaravamudhan"]
[Black "Matinian, Nikita"]
[Result "0-1"]
[WhiteTitle "CM"]
[BlackTitle "GM"]
[WhiteElo "2353"]
[BlackElo "2425"]
[WhiteFideId "436224"]
[BlackFideId "24129100"]
[EventDate "2022.11.10"]

1. Nf3 g6 2. g3 Bg7 3. Bg2 f5 4. c4 Nf6 5. O-O O-O 6. Nc3 d6 7. d4 c6 8. Rb1 a5
9. a3 Na6 10. b4 axb4 11. axb4 h6 12. Qb3 g5 13. d5 c5 14. bxc5 Nxc5 15. Qc2
Nfe4 16. Bb2 Rf7 17. Nxe4 fxe4 18. Nd2 Bf5 19. Nxe4 Ra2 20. f3 Bxe4 21. fxe4
Rxf1+ 22. Kxf1 Be5 23. Qc1 Nb3 24. Qe3 Qf8+ 25. Ke1 Rxb2 26. Rxb2 Nc5 27. Ra2
Kg7 28. Qf3 Qd8 29. Kd1 Qb6 30. Rc2 Qb1+ 31. Rc1 Qb2 32. Rc2 Qd4+ 33. Ke1 Qa1+
34. Kd2 Qb1 35. h4 Nb3+ 36. Ke3 Qg1+ 37. Kd3 Qd4# 0-1

[Event "chess.com SpeedChess Q1Sw"]
[Site "chess.com INT"]
[Date "2022.11.10"]
[Round "11"]
[White "Sevian, Samuel"]
[Black "Gabrielian, Artur"]
[Result "1-0"]
[WhiteTitle "GM"]
[BlackTitle "GM"]
[WhiteElo "2687"]
[BlackElo "2460"]
[WhiteFideId "2040506"]
[BlackFideId "4131002"]
[EventDate "2022.11.10"]

1. d4 Nf6 2. c4 c5 3. d5 e6 4. g4 Nxg4 5. e4 h5 6. h3 Qh4 7. Qe2 Ne5 8. Nd2 d6
9. Ngf3 Qf6 10. Nxe5 dxe5 11. Nf3 exd5 12. Bg5 Qb6 13. exd5 f6 14. O-O-O Bd6 15.
Be3 Na6 16. Rg1 g5 17. Qc2 Rh6 18. a3 h4 19. Nxg5 fxg5 20. Bxg5 Bf8 21. Re1 Bg7
22. f4 Qa5 23. Bd3 Rb6 24. Bg6+ Kf8 25. fxe5 Bxh3 26. Bd2 Nb4 27. Qe4 Na2+ 28.
Kd1 Qa4+ 29. Qc2 Qxc2+ 30. Bxc2 1-0

[Event "chess.com SpeedChess Q1Sw"]
[Site "chess.com INT"]
[Date "2022.11.10"]
[Round "11"]
[White "Omariev, Maksim"]
[Black "Csonka, Balazs"]
[Result "0-1"]
[WhiteTitle "FM"]
[BlackTitle "IM"]
[WhiteElo "2304"]
[BlackElo "2497"]
[WhiteFideId "4193423"]
[BlackFideId "742910"]
[EventDate "2022.11.10"]

1. g4 d5 2. Bg2 c6 3. h3 e5 4. d4 e4 5. c4 h6 6. Nc3 Nf6 7. Qb3 a5 8. Bf4 Bb4 9.
Qc2 Be6 10. c5 a4 11. a3 Ba5 12. e3 Nbd7 13. Ne2 b5 14. cxb6 Qxb6 15. O-O Qb3
16. Rfc1 Nb6 17. Be5 O-O 18. Bxf6 gxf6 19. Nf4 Rfb8 20. Qe2 Nc4 21. Rab1 Bxc3
22. Rxc3 Qxc3 23. bxc3 Rxb1+ 24. Kh2 Rab8 25. g5 hxg5 26. Nxe6 fxe6 27. Qh5 Kg7
28. h4 Rh8 29. Qe2 Rxh4+ 30. Kg3 Rb2 31. Qd1 Nd6 32. Bf1 Nf5+ 33. Kg2 Nxe3+ 34.
Kg1 Nxd1 0-1

[Event "chess.com SpeedChess Q1Sw"]
[Site "chess.com INT"]
[Date "2022.11.10"]
[Round "11"]
[White "Svane, Rasmus"]
[Black "Xiong, Jeffery"]
[Result "0-1"]
[WhiteTitle "GM"]
[BlackTitle "GM"]
[WhiteElo "2619"]
[BlackElo "2692"]
[WhiteFideId "4657101"]
[BlackFideId "2047640"]
[EventDate "2022.11.10"]

1. Nf3 c5 2. c4 Nf6 3. Nc3 d5 4. cxd5 Nxd5 5. e3 e6 6. Bb5+ Bd7 7. Bxd7+ Qxd7 8.
b3 Nc6 9. Nxd5 Qxd5 10. Bb2 Be7 11. O-O O-O 12. Rc1 Nb4 13. a3 Nd3 14. Rb1 Rfd8
15. Qc2 b5 16. Bc3 a5 17. a4 b4 18. Ba1 Rac8 19. Qc4 Qxc4 20. bxc4 Rd7 21. Rb3
Rcd8 22. Rd1 f6 23. Kf1 e5 24. e4 Nf4 25. g3 Ne6 26. Ke2 g5 27. h3 h5 28. Ne1
Kf7 29. Nc2 Nc7 30. Bb2 Na8 31. d3 Nb6 32. Ra1 Nxc4 33. Bc1 Nb6 34. Ne3 c4 35.
Nxc4 Nxc4 36. dxc4 Rd4 37. Be3 Rxc4 38. Rc1 Rxc1 39. Bxc1 Bc5 40. Rd3 Rxd3 41.
Kxd3 g4 42. hxg4 hxg4 43. Kc4 Bxf2 44. Kb5 b3 45. Kc4 Bxg3 46. Kxb3 Bf2 0-1

[Event "chess.com SpeedChess Q1Sw"]
[Site "chess.com INT"]
[Date "2022.11.10"]
[Round "11"]
[White "Garv, Gaur"]
[Black "Donchenko, Alexander"]
[Result "1/2-1/2"]
[WhiteTitle "CM"]
[BlackTitle "GM"]
[WhiteElo "1973"]
[BlackElo "2645"]
[WhiteFideId "45030839"]
[BlackFideId "24603295"]
[EventDate "2022.11.10"]

1. d4 Nf6 2. Nf3 e6 3. c4 c5 4. d5 d6 5. g3 exd5 6. cxd5 g6 7. Bg2 Bg7 8. O-O
O-O 9. Nc3 Re8 10. Bf4 Bf5 11. Nd2 Nh5 12. e4 Bd7 13. Bxd6 Na6 14. h3 Bxh3 15.
Bxh3 Qxd6 16. Nc4 Qd8 17. Re1 Bd4 18. Kg2 Nf6 19. Qf3 Nb4 20. Rad1 a6 21. a3 b5
22. axb4 bxc4 23. bxc5 Bxc5 24. e5 Nh5 25. e6 fxe6 26. dxe6 Qf6 27. Ne4 Qxf3+
28. Kxf3 Be7 29. Rd7 Rab8 30. Rc1 Rb4 31. Bf1 Rxb2 32. Rxc4 a5 33. Rcc7 Kf8 34.
Ra7 Ng7 35. Bc4 Rb4 36. Bd5 Nf5 37. Rxa5 Rd8 38. Rxd8+ Bxd8 39. Ra8 Ke7 40. Ra7+
Ke8 41. Rxh7 Be7 42. Rh8+ Bf8 43. g4 Nd4+ 44. Kg2 Nxe6 45. Nf6+ Ke7 46. Bxe6
Kxf6 47. Rxf8+ Kxe6 48. Kg3 Ke7 49. Rf4 Rb5 50. f3 g5 51. Rf5 Rxf5 52. gxf5 Kf7
53. Kh3 Kg7 54. Kg3 Kf7 55. Kh3 Kg7 56. Kg4 Kf6 57. f4 gxf4 58. Kxf4 Kf7 59. Ke5
Ke7 60. f6+ Kf7 61. Kf5 Kf8 62. Ke6 Ke8 63. f7+ Kf8 64. Kf6 1/2-1/2

[Event "chess.com SpeedChess Q1Sw"]
[Site "chess.com INT"]
[Date "2022.11.10"]
[Round "11"]
[White "Sreyas, Payyappat"]
[Black "Yang, Kaiqi"]
[Result "0-1"]
[WhiteTitle "FM"]
[BlackTitle "GM"]
[WhiteElo "2145"]
[BlackElo "2481"]
[WhiteFideId "46674969"]
[BlackFideId "8604398"]
[EventDate "2022.11.10"]

1. e4 c5 2. Nf3 d6 3. d4 cxd4 4. Nxd4 Nf6 5. Nc3 a6 6. f4 e5 7. Nf3 Nbd7 8. Be3
Be7 9. Qd2 b5 10. O-O-O Bb7 11. fxe5 dxe5 12. Qe1 Rc8 13. Nxe5 Qc7 14. Nxd7 Nxd7
15. Qd2 Bb4 16. Bd4 O-O 17. Bxg7 Kxg7 18. Qd4+ Ne5 19. Qxb4 Rfd8 20. Be2 f6 21.
Qb3 Qc5 22. Nd5 a5 23. Rd2 Bxd5 24. exd5 a4 25. Qg3+ Kh8 26. Qf4 Qd6 27. Rf1 Rf8
28. Bg4 Rcd8 29. Be6 b4 30. g4 b3 31. cxb3 axb3 32. a3 Qe7 33. Kb1 Ng6 34. Qd4
Ne5 35. g5 Qg7 36. gxf6 Rxf6 0-1

[Event "chess.com SpeedChess Q1Sw"]
[Site "chess.com INT"]
[Date "2022.11.10"]
[Round "11"]
[White "Kravtsiv, Martyn"]
[Black "Shimanov, Aleksandr"]
[Result "0-1"]
[WhiteTitle "GM"]
[BlackTitle "GM"]
[WhiteElo "2598"]
[BlackElo "2581"]
[WhiteFideId "14113147"]
[BlackFideId "4198603"]
[EventDate "2022.11.10"]

1. e4 d5 2. exd5 Qxd5 3. Nc3 Qe5+ 4. Be2 Bg4 5. d4 Bxe2 6. Ngxe2 Qa5 7. b4 Qh5
8. Bf4 e6 9. b5 Bd6 10. Bxd6 cxd6 11. Ne4 Ke7 12. Qd3 Nf6 13. N2g3 Qg6 14. O-O
Nbd7 15. Rfe1 Rhd8 16. a4 Rac8 17. a5 Nxe4 18. Nxe4 Nf6 19. f3 Rd7 20. c4 Kf8
21. Rac1 Kg8 22. Qa3 Nxe4 23. fxe4 e5 24. Qd3 Qe6 25. d5 Qe7 26. b6 axb6 27.
axb6 Qd8 28. Rb1 h5 29. Rf1 g6 30. Rb4 Ra8 31. Qf3 Qg5 32. Rb5 Rc8 33. Rb4 Kg7
34. Kh1 h4 35. h3 Rf8 36. Ra4 f5 37. c5 Rdf7 38. Qe2 fxe4 39. Rxf7+ Rxf7 40.
Rxe4 Qc1+ 41. Kh2 Rf1 42. g4 Rh1+ 43. Kg2 Qg1+ 0-1

[Event "chess.com SpeedChess Q1Sw"]
[Site "chess.com INT"]
[Date "2022.11.10"]
[Round "11"]
[White "Goltseva, Ekaterina"]
[Black "Mikhailov, Viacheslav"]
[Result "0-1"]
[WhiteTitle "FM"]
[BlackTitle "IM"]
[WhiteElo "2265"]
[BlackElo "2428"]
[WhiteFideId "24173770"]
[BlackFideId "4187369"]
[EventDate "2022.11.10"]

1. d4 c5 2. d5 e5 3. e4 d6 4. Nc3 a6 5. a4 Be7 6. Be2 Bg5 7. Nf3 Bxc1 8. Qxc1
Bg4 9. Nd2 Bxe2 10. Nxe2 Ne7 11. Nc4 O-O 12. O-O f5 13. f3 Rf6 14. a5 Nd7 15.
Qd2 Rh6 16. g4 f4 17. Nc3 Nf6 18. Na4 Rh4 19. Qg2 Ng6 20. Nab6 Rb8 21. Rab1 h5
22. g5 Ng4 23. h3 Qxg5 24. hxg4 hxg4 25. Nxd6 g3 26. Nd7 Rd8 27. Nxc5 Rxd6 28.
Ne6 Qh6 29. c4 Rh2 30. Rf2 Rxg2+ 31. Rxg2 Nh4 32. c5 Nxf3+ 33. Kf1 Qh1+ 34. Ke2
Qxg2+ 35. Kd3 Qd2+ 36. Kc4 Qc2+ 37. Kb4 Rxe6 38. dxe6 Qxb1 39. e7 Kf7 40. c6
Qxb2+ 41. Kc5 Qb5+ 42. Kd6 Qxc6# 0-1

[Event "chess.com SpeedChess Q1Sw"]
[Site "chess.com INT"]
[Date "2022.11.10"]
[Round "11"]
[White "Dubov, Daniil"]
[Black "Sarana, Alexey"]
[Result "1-0"]
[WhiteTitle "GM"]
[BlackTitle "GM"]
[WhiteElo "2708"]
[BlackElo "2668"]
[WhiteFideId "24126055"]
[BlackFideId "24133795"]
[EventDate "2022.11.10"]

1. d4 Nf6 2. Nf3 d5 3. c4 e6 4. g3 Nbd7 5. Nbd2 dxc4 6. Nxc4 b6 7. Bg2 Bb7 8.
O-O c5 9. Bf4 cxd4 10. Qxd4 Nc5 11. Nd6+ Bxd6 12. Bxd6 Nce4 13. Qa4+ Qd7 14.
Qxd7+ Nxd7 15. Ba3 Nec5 16. Rfd1 a5 17. Rd2 Ke7 18. Rad1 Rhd8 19. Ng5 Bxg2 20.
Kxg2 Ne5 21. Rxd8 Rxd8 22. Rxd8 Kxd8 23. f4 Nc4 24. Bxc5 bxc5 25. b3 Nd6 26. Kf3
Ke7 27. Ke3 h6 28. Nf3 f6 29. Kd3 Kd7 30. Nd2 Kc6 31. Nc4 Nxc4 32. Kxc4 Kb6 33.
e4 g6 34. g4 Kc6 35. f5 exf5 36. exf5 g5 37. h3 Kd6 38. Kb5 Ke5 39. Kxa5 Kf4 40.
Kb5 Kg3 41. a4 Kxh3 42. a5 h5 43. gxh5 g4 44. h6 g3 45. h7 g2 46. h8=Q+ 1-0

[Event "chess.com SpeedChess Q1Sw"]
[Site "chess.com INT"]
[Date "2022.11.10"]
[Round "11"]
[White "Odegov, Artem"]
[Black "Leiva, Gianmarco"]
[Result "0-1"]
[WhiteTitle "FM"]
[BlackTitle "IM"]
[WhiteElo "2286"]
[BlackElo "2366"]
[WhiteFideId "34183644"]
[BlackFideId "3804399"]
[EventDate "2022.11.10"]

1. d4 Nf6 2. c4 e6 3. Nf3 d5 4. Nc3 Be7 5. Bg5 h6 6. Bxf6 Bxf6 7. e3 O-O 8. Qc2
c6 9. h4 g6 10. g4 Bg7 11. h5 g5 12. O-O-O Nd7 13. Rg1 Nb6 14. c5 Nd7 15. e4 b6
16. exd5 exd5 17. b4 a5 18. b5 Bb7 19. Qf5 bxc5 20. Bd3 Re8 21. Rge1 Rxe1 22.
Rxe1 cxd4 23. Nxd4 Bxd4 24. Qh7+ Kf8 25. Qxh6+ Bg7 26. Qd6+ Kg8 27. Re7 Ne5 28.
Qxd8+ Rxd8 29. Rxb7 Nxd3+ 30. Kc2 Nb4+ 31. Kb3 d4 32. Ne4 d3 33. bxc6 Nxc6 34.
Nd2 Ne5 35. h6 Bxh6 36. f3 Bf8 37. Ka4 Bb4 38. Ne4 d2 39. Nxd2 Rxd2 40. a3 Ra2
41. Kb5 Rxa3 42. Ka6 Rxf3 43. Rb5 f6 44. Rb7 Nf7 45. Ka7 Rf4 46. Ka8 Rxg4 47.
Rb8+ Kg7 48. Rb7 Re4 49. Rb6 Re8+ 50. Ka7 Bc5 51. Kb7 Re7+ 52. Ka8 Bxb6 53. Kb8
a4 54. Kc8 a3 55. Kb8 a2 56. Kc8 a1=Q 57. Kb8 Qa7+ 58. Kc8 Nd6# 0-1

[Event "chess.com SpeedChess Q1Sw"]
[Site "chess.com INT"]
[Date "2022.11.10"]
[Round "11"]
[White "Le, Tuan Minh"]
[Black "Narayanan, S.L."]
[Result "1/2-1/2"]
[WhiteTitle "IM"]
[BlackTitle "GM"]
[WhiteElo "2542"]
[BlackElo "2673"]
[WhiteFideId "12401153"]
[BlackFideId "5058422"]
[EventDate "2022.11.10"]

1. d4 d5 2. Nf3 Nf6 3. Bf4 Bf5 4. e3 e6 5. c4 Bxb1 6. Qxb1 Bb4+ 7. Kd1 Bd6 8.
Bg5 Nbd7 9. Bd3 h6 10. Bh4 Be7 11. Ke2 O-O 12. Qc2 Rc8 13. c5 c6 14. b4 Nh5 15.
Bg3 f5 16. Rhe1 Ndf6 17. Kf1 Ne4 18. Rab1 Nhxg3+ 19. hxg3 b5 20. a4 a6 21. Ra1
Ra8 22. Ra2 Qc7 23. Rea1 Qb7 24. Kg1 Rfb8 25. axb5 axb5 26. Bxe4 fxe4 27. Ne5
Bf6 28. Nd7 Rxa2 29. Nxf6+ Kf7 30. Qxa2 Kxf6 31. Qa3 e5 32. dxe5+ Kxe5 33. Qc3+
Kf5 34. f3 exf3 35. Rf1 Qe7 36. Rxf3+ Kg6 37. Qd3+ Qe4 38. Qxe4+ dxe4 39. Rf4
Re8 40. Kf2 Re6 41. Ke2 Re8 42. g4 Kg5 43. Kf2 Re6 44. Kg3 g6 45. Rf8 Re7 46.
Rd8 Re6 47. Rd7 Kf6 48. Rh7 Kg5 49. Rf7 Re5 50. Rd7 Re6 51. Rd8 Kf6 52. Kf4 g5+
53. Kg3 Ke7 54. Rd4 Kf6 55. Kf2 Kg6 56. Rd8 Kf6 57. Ke2 Ke5 58. Kd2 Rf6 59. Re8+
Kd5 60. Kc3 Rf2 61. Rd8+ Ke5 62. Re8+ Kd5 63. Rd8+ Ke5 64. Re8+ Kd5 1/2-1/2

[Event "chess.com SpeedChess Q1Sw"]
[Site "chess.com INT"]
[Date "2022.11.10"]
[Round "11"]
[White "Klukin, Kirill"]
[Black "Rustemov, Alexander"]
[Result "0-1"]
[WhiteTitle "IM"]
[BlackTitle "GM"]
[WhiteElo "2390"]
[BlackElo "2525"]
[WhiteFideId "24199273"]
[BlackFideId "4119002"]
[EventDate "2022.11.10"]

1. d4 d5 2. c4 c6 3. Nc3 Nf6 4. Nf3 a6 5. e3 b5 6. b3 Bg4 7. Be2 e6 8. O-O Bd6
9. Bb2 O-O 10. Nd2 Bxe2 11. Qxe2 Nbd7 12. e4 dxe4 13. Ncxe4 Be7 14. Rac1 Qb6 15.
h3 Rfd8 16. Rfd1 a5 17. Nf3 a4 18. Ne5 Nxe5 19. c5 Nf3+ 20. Qxf3 Qc7 21. b4 Nxe4
22. Qxe4 Rd5 23. Rd3 Rad8 24. Rcd1 Bf6 25. Kf1 Qd7 26. Ke2 h5 27. g3 Kf8 28. a3
Ke7 29. f4 g6 30. h4 Re8 31. Qf3 Kd8 32. Qe4 Kc7 33. Bc3 Kb7 34. Bb2 Bd8 35. Kf3
Bc7 36. Re1 Bd8 37. Red1 Bf6 38. Kg2 Rd8 39. R1d2 Bg7 40. Kf3 Qe7 41. Ke2 Qe8
42. Re3 Qh8 43. Red3 R8d7 44. Bc3 Qe8 45. Kd1 Qe7 46. Kc2 Qf6 47. Qe3 Qf5 48.
Kb2 f6 49. Qf3 e5 50. fxe5 fxe5 51. Qxf5 gxf5 52. Kc2 e4 53. Re3 Bh6 54. Ree2
Bxd2 55. Kxd2 Rg7 56. Rg2 f4 57. Ke1 Rxg3 0-1

[Event "chess.com SpeedChess Q1Sw"]
[Site "chess.com INT"]
[Date "2022.11.10"]
[Round "11"]
[White "Manukyan, Sargis A."]
[Black "Vantika, Agrawal"]
[Result "0-1"]
[WhiteTitle "FM"]
[BlackTitle "WGM"]
[WhiteElo "2163"]
[BlackElo "2362"]
[WhiteFideId "13303970"]
[BlackFideId "25050389"]
[EventDate "2022.11.10"]

1. d4 Nf6 2. c4 g6 3. Nc3 Bg7 4. Nf3 O-O 5. h3 d6 6. Bf4 Nbd7 7. e3 b6 8. Be2
Bb7 9. Qc2 Re8 10. O-O e5 11. dxe5 dxe5 12. Bh2 Qe7 13. Rfd1 a5 14. b3 e4 15.
Nd4 Nc5 16. Ncb5 Rac8 17. a3 Red8 18. b4 axb4 19. axb4 Nd3 20. Bxd3 exd3 21.
Qxd3 c5 22. bxc5 bxc5 23. Na7 cxd4 24. Nxc8 Rxc8 25. exd4 Be4 26. Qe3 Qb7 27. f3
Bf5 28. Rac1 Re8 29. Qf2 Bh6 30. f4 Bf8 31. g4 Be4 32. Re1 Bb4 33. Re2 h5 34. g5
Nd7 35. f5 gxf5 36. Bf4 Nf8 37. d5 Qc8 38. Kh2 Bc5 39. Be3 Bd6+ 40. Bf4 Bc5 41.
Be3 Ba3 42. Ra1 Bd6+ 43. Bf4 Bxf4+ 44. Qxf4 Qxc4 45. Qd2 Rd8 46. Ra5 Qc7+ 47. d6
Rxd6 48. Qf4 Ng6 49. Qg3 h4 50. Qa3 Rd3+ 51. Kg1 Qg3+ 52. Kf1 Rd1+ 53. Re1 Rxe1# 0-1

[Event "chess.com SpeedChess Q1Sw"]
[Site "chess.com INT"]
[Date "2022.11.10"]
[Round "11"]
[White "Terry, Renato"]
[Black "Mamedov, Rauf"]
[Result "0-1"]
[WhiteTitle "IM"]
[BlackTitle "GM"]
[WhiteElo "2516"]
[BlackElo "2646"]
[WhiteFideId "3803457"]
[BlackFideId "13401653"]
[EventDate "2022.11.10"]

1. d4 Nf6 2. Nf3 g6 3. Bg5 Bg7 4. c3 O-O 5. Nbd2 h6 6. Bh4 d6 7. e4 c5 8. dxc5
dxc5 9. Bc4 Nc6 10. Qe2 g5 11. Bg3 Bg4 12. h3 Bh5 13. Rd1 Qb6 14. Nb3 Rad8 15.
O-O Nd7 16. Qe3 Bxf3 17. Qxf3 Nde5 18. Qe2 e6 19. Kh2 Na5 20. Nxa5 Qxa5 21. f4
gxf4 22. Bxf4 Rxd1 23. Rxd1 Rd8 24. Rf1 Qc7 25. a4 Qe7 26. Ba2 Ng6 27. Bg3 Be5
28. Bxe5 Nxe5 29. Qf2 Qg5 30. Qg3 Rd2 31. Rf2 Rxf2 32. Qxf2 Nd3 33. Qf3 Nxb2 34.
Bb3 c4 35. Bc2 Kg7 36. a5 h5 37. Bb1 h4 38. Bc2 a6 39. Qf2 Nd3 40. Bxd3 Qe5+ 41.
Kh1 cxd3 42. Qe3 Qg3 43. Qd4+ e5 44. Qd6 Qe1+ 45. Kh2 Qxe4 46. c4 Qf4+ 47. Kg1
d2 48. c5 Qe3+ 49. Kh2 Qg3+ 50. Kh1 Qe1+ 51. Kh2 d1=Q 0-1

[Event "chess.com SpeedChess Q1Sw"]
[Site "chess.com INT"]
[Date "2022.11.10"]
[Round "11"]
[White "Predke, Alexandr"]
[Black "Koziorowicz, Michal"]
[Result "1/2-1/2"]
[WhiteTitle "GM"]
[BlackTitle "FM"]
[WhiteElo "2684"]
[BlackElo "2296"]
[WhiteFideId "24107581"]
[BlackFideId "21809194"]
[EventDate "2022.11.10"]

1. Nf3 g6 2. h4 d5 3. h5 Bg7 4. d4 Bg4 5. h6 Bf6 6. Ne5 Be6 7. Bf4 Nd7 8. e3 c6
9. Nc3 Bxe5 10. dxe5 Qc7 11. Qd4 Qb6 12. O-O-O Qxd4 13. exd4 Nf8 14. b4 Bd7 15.
b5 e6 16. bxc6 Bxc6 17. Nb5 Bxb5 18. Bxb5+ Nd7 19. Rh3 Ne7 20. Rb3 Nc6 21. Rdd3
Nb6 22. Rbc3 Rc8 23. Rf3 O-O 24. Bxc6 bxc6 25. Bg5 Rc7 26. Rc5 Rfc8 27. Ra3 Kf8
28. Ra6 Rb7 29. Kd2 Ke8 30. Kc3 Kd7 31. Bc1 Nc4 32. Rxc4 dxc4 33. Ba3 Rcb8 34.
Bd6 Rg8 35. Bc5 g5 36. Kxc4 g4 37. g3 Rg6 38. Bxa7 Rxh6 39. Bc5 Rh2 40. Ra8 Rxf2
41. c3 h5 42. a4 Rf3 43. a5 Rb1 44. a6 Rc1 45. Bb4 Ra1 46. Kc5 h4 47. gxh4 g3
48. Ra7+ Kc8 49. Kxc6 Kb8 50. Kb6 g2 51. Bd6+ Kc8 52. Ra8+ Kd7 53. Ra7+ Kc8 54.
Ra8+ Kd7 55. Ra7+ Kc8 1/2-1/2

[Event "chess.com SpeedChess Q1Sw"]
[Site "chess.com INT"]
[Date "2022.11.10"]
[Round "11"]
[White "Tan, Zhongyi"]
[Black "Aaditya, Dhingra"]
[Result "0-1"]
[WhiteTitle "GM"]
[BlackTitle "CM"]
[WhiteElo "2514"]
[BlackElo "2172"]
[WhiteFideId "8603642"]
[BlackFideId "25678191"]
[EventDate "2022.11.10"]

1. d4 Nf6 2. c4 e6 3. Nc3 Bb4 4. e3 O-O 5. Bd3 d5 6. Nf3 dxc4 7. Bxc4 c5 8. a3
Bxc3+ 9. bxc3 Qc7 10. Be2 Nc6 11. O-O e5 12. Bb2 Rd8 13. h3 Bf5 14. a4 Be4 15.
Nd2 exd4 16. cxd4 cxd4 17. Nxe4 Nxe4 18. exd4 Ne7 19. Qd3 Nf6 20. Rfc1 Qd6 21.
Ba3 Qd7 22. Bf3 Nc6 23. Bb2 Rab8 24. Rd1 Nb4 25. Qb5 Nbd5 26. Rac1 Qf5 27. Rc5
a6 28. Qb3 Qd7 29. Re1 b5 30. axb5 Rxb5 31. Qc2 h6 32. Ba3 Rdb8 33. Rxb5 axb5
34. Bc5 b4 35. Qb3 Rd8 36. Ra1 Rb8 37. Ra7 Qf5 38. Ra1 Rd8 39. Ra7 Rb8 40. Ra1
Rd8 41. Ra7 Ne4 42. Bxe4 Qxe4 43. g3 Re8 44. Kh2 Qf5 45. Ra2 g6 46. Qc4 Re1 0-1

[Event "chess.com SpeedChess Q1Sw"]
[Site "chess.com INT"]
[Date "2022.11.10"]
[Round "11"]
[White "Lazavik, Denis"]
[Black "Chigaev, Maksim"]
[Result "1-0"]
[WhiteTitle "IM"]
[BlackTitle "GM"]
[WhiteElo "2529"]
[BlackElo "2632"]
[WhiteFideId "13515110"]
[BlackFideId "4108116"]
[EventDate "2022.11.10"]

1. d4 Nf6 2. c4 e6 3. Nf3 d5 4. g3 Bb4+ 5. Bd2 a5 6. Bg2 dxc4 7. Qc2 c5 8. dxc5
Bxc5 9. O-O Nbd7 10. Na3 Bxa3 11. bxa3 O-O 12. Rfd1 b6 13. Ne5 Nxe5 14. Bxa8 Qc7
15. Bc3 Ng6 16. Bg2 Nd5 17. Bxd5 exd5 18. Rxd5 Bb7 19. Rd4 h5 20. Qf5 h4 21.
Rad1 Qe7 22. Qc2 Qxa3 23. Rd8 h3 24. Rxf8+ Nxf8 25. Qb2 Qe7 26. Bxg7 Qe4 27. f3
Qe3+ 28. Kf1 Bxf3 29. exf3 Qxf3+ 30. Ke1 Qh1+ 31. Kd2 Qxh2+ 32. Kc1 Qxg3 33.
Bxf8 c3 34. Qe2 Kxf8 35. Qd3 Qf4+ 36. Kc2 h2 37. Qd5 b5 38. Kxc3 b4+ 39. Kb3
Qg3+ 40. Ka4 Qa3+ 41. Kb5 Qg3 42. Qc5+ Kg7 43. Qd4+ Kg6 44. Qe4+ f5 45. Qe6+ Kg5
46. Qg8+ Kh4 47. Qh7+ Kg4 48. Qg6+ Kh4 49. Qxf5 Qg4 50. Qf6+ Kh3 51. Qh6+ Kg2
52. Rd2+ Kf1 53. Qxh2 Qf5+ 54. Ka4 1-0

[Event "chess.com SpeedChess Q1Sw"]
[Site "chess.com INT"]
[Date "2022.11.10"]
[Round "11"]
[White "Deac, Bogdan-Daniel"]
[Black "Kovalev, Vladislav"]
[Result "1-0"]
[WhiteTitle "GM"]
[BlackTitle "GM"]
[WhiteElo "2700"]
[BlackElo "2623"]
[WhiteFideId "1226380"]
[BlackFideId "13504398"]
[EventDate "2022.11.10"]

1. e4 e5 2. Nf3 Nc6 3. Bb5 a6 4. Ba4 Nf6 5. O-O Be7 6. d3 b5 7. Bb3 d6 8. a3 O-O
9. Nc3 Nb8 10. a4 b4 11. Nd5 Nxd5 12. Bxd5 c6 13. Bb3 c5 14. Bd5 Ra7 15. c3 bxc3
16. bxc3 Nd7 17. a5 Nf6 18. Bc4 Be6 19. Bxe6 fxe6 20. Ng5 Qd7 21. Qa4 h6 22. Nf3
Qxa4 23. Rxa4 Rb8 24. Bd2 Rb2 25. Rc1 Rab7 26. Kf1 Kf7 27. Ke2 Bd8 28. h3 R7b5
29. Rca1 Nd7 30. Kd1 Nb8 31. d4 exd4 32. cxd4 Nc6 33. dxc5 Rxc5 34. R1a3 Bf6 35.
Rd3 Ke7 36. Raa3 Ne5 37. Nxe5 Bxe5 38. Rab3 Rb5 39. Rxb5 Rxb5 40. f4 Bf6 41. g4
g6 42. Ke2 h5 43. Kf3 Rb2 44. Be3 Rb5 45. Bb6 Bb2 46. Bc7 hxg4+ 47. hxg4 Ba3 48.
Rxa3 Kd7 49. Bb6 d5 50. Rc3 Rb4 51. Rc7+ Ke8 52. exd5 exd5 53. f5 gxf5 54. gxf5
d4 55. Ke4 d3+ 56. Kxd3 Rf4 57. Rc5 Kd7 58. Ke3 Rf1 59. Ke4 1-0